banner-ar

المدينة والبيئة دور البلديات فى حماية البيئة بالمدن العربية اعمال وابحاث الندوة التى عقدت فى الكويت فى الفترة من 9 الى 16 صفر 1402 هـ الموافق للفترة من 5 الى 12 ديسمبر 1981 م بالتعاون بين جمعية حماية البيئة بالكويت (Record no. 37944)

MARC details
000 -الفاتح
حقل البيانات ثابتة الطول 00615nam a2200121Ia 4500
008 - عناصر البيانات ثابتة الطول - معلومات عامة
حقل البيانات ثابتة الطول 140319s9999 xx 000 0 ara d
040 ## - مصدر الفهرسة
وكالة الفهرسة الأصلية GCL /
وكالة النسخ GCL
082 04 - رقم تصنيف ديوى العشرى
رقم التصنيف 301.363
رقم المادة م م
245 10 - بيان العنوان
العنوان المدينة والبيئة دور البلديات فى حماية البيئة بالمدن العربية اعمال وابحاث الندوة التى عقدت فى الكويت فى الفترة من 9 الى 16 صفر 1402 هـ الموافق للفترة من 5 الى 12 ديسمبر 1981 م بالتعاون بين جمعية حماية البيئة بالكويت
300 ## - الوصف المادى
التعداد 409 ص
490 ## - بيان السلسلة
عنوان السلسلة
Holdings
حالة التراجع حالة الفقد حالة تلف ليس للاعارة المكان المؤقت الموقع الحالى تاريخ الاكتساب اجمالي اﻻعارات رقم الطلب الباركود تاريخ اخر مشاهدة تاريخ تفعيل السعر نوع وعاء كوها
        مكتبة القاهرة الكبرى مكتبة القاهرة الكبرى 03/26/2014   301.363\م م 92719 03/26/2014 03/26/2014 كتاب

Powered By

EGPV